La gran enciclopedia de la fruta / (Record no. 33919)
[ view plain ]
| 000 -CABECERA | |
|---|---|
| campo de control de longitud fija | 00706nam a2200205 a 4500 |
| 001 - NÚMERO DE CONTROL | |
| campo de control | 000034428 |
| 005 - FECHA Y HORA DE LA ÚLTIMA TRANSACCIÓN | |
| campo de control | 20200930073708.0 |
| 008 - DATOS DE LONGITUD FIJA--INFORMACIÓN GENERAL | |
| campo de control de longitud fija | 111004s1998 sp d 000 0 spa d |
| 020 ## - NÚMERO INTERNACIONAL ESTÁNDAR DEL LIBRO | |
| Número Internacional Estándar del Libro | 8471836610 |
| 020 ## - NÚMERO INTERNACIONAL ESTÁNDAR DEL LIBRO | |
| Número Internacional Estándar del Libro | 8471836629(vol. 1) |
| 040 ## - FUENTE DE LA CATALOGACIÓN | |
| Centro catalogador/agencia de origen | DO-SdBNP |
| 100 1# - ENTRADA PRINCIPAL--NOMBRE DE PERSONA | |
| Nombre de persona | Whiteman, Kate |
| 9 (RLIN) | 59855 |
| 245 13 - MENCIÓN DE TÍTULO | |
| Título | La gran enciclopedia de la fruta / |
| Mención de responsabilidad, etc. | Kate Whiteman,Maggie Mayhew; traducción Anna Maria Gil. |
| 260 ## - PUBLICACIÓN, DISTRIBUCIÓN, ETC. | |
| Lugar de publicación, distribución, etc. | Barcelona : |
| Nombre del editor, distribuidor, etc. | Annes Publishing Limited Hermes House; |
| -- | Ediciones Hymsa, |
| Fecha de publicación, distribución, etc. | 1998. |
| 300 ## - DESCRIPCIÓN FÍSICA | |
| Extensión | v. : |
| Otras características físicas | il,, retrs. ; |
| Dimensiones | 28 cm. |
| 500 ## - NOTA GENERAL | |
| Nota general | La biblioteca posee el volumen 1 |
| 505 0# - NOTA DE CONTENIDO CON FORMATO | |
| Información miscelánea | v.1 |
| Título | Conocer la fruta |
| 700 12 - PUNTO DE ACCESO ADICIONAL--NOMBRE DE PERSONA | |
| Nombre de persona | Mayhew, Maggie |
| 9 (RLIN) | 59856 |
| 700 12 - PUNTO DE ACCESO ADICIONAL--NOMBRE DE PERSONA | |
| Nombre de persona | Gil, Anna Maria |
| Término indicativo de función/relación | traductora |
| 9 (RLIN) | 59857 |
| Estado de retiro | Estado de pérdida | Restricciones de uso | No para préstamo | Código de colección | Localización permanente | Ubicación/localización actual | Ubicación en estantería | Fecha de adquisición | Número de inventario | Total de préstamos | Signatura topográfica completa | Código de barras | Fecha visto por última vez | Precio válido a partir de | Tipo de ítem Koha |
|---|---|---|---|---|---|---|---|---|---|---|---|---|---|---|---|
| Monografías: Libros y Folletos | General | General | Depósito | 04.10.2011 | LF1 | 34428-10 | 25.06.2020 | 25.06.2020 | Préstamo en sala |
